000
00245nam a2200097Ia 4500
008
240321s9999 xx 000 0 und d
082
_a
782.42
_b
MIS
100
_a
Mishra, Yatindra
245
0
_a
Girija: a journey through Thumri
260
_b
Rupa & Co.
999
_c
61059
_d
61059